|
|
|
|
| LEADER |
00000nam a22000007a 4500 |
| 003 |
cru CIDCACS/IIS |
| 005 |
20180716110229.0 |
| 007 |
ta |
| 008 |
180713b1988 CR ||||| |||| 00| 0 spa d |
| 999 |
|
|
|c 41558
|d 41558
|
| 040 |
|
|
|c cru CIDCACS/IIS
|
| 090 |
|
|
|a 14.04.01 P955p
|
| 110 |
2 |
|
|9 447
|a Comisión Costarricense de Derechos Humanos, CODEHUCA
|
| 245 |
1 |
2 |
|a ¿Poseedores en precario?
|c Comisión Costarricense de Derechos Humanos
|
| 260 |
|
|
|a Costa Rica
|b CODEHU
|c 1988
|
| 300 |
|
|
|a 26 páginas
|
| 500 |
|
|
|a Colección Alforja
|
| 650 |
1 |
0 |
|9 38
|a DERECHOS HUMANOS
|
| 650 |
1 |
0 |
|9 7430
|a DERECHO A LA TIERRA
|
| 650 |
1 |
0 |
|9 2565
|a DISTRIBUCION DE LA RIQUEZA
|
| 650 |
1 |
0 |
|9 1162
|a PRECARISTAS
|
| 700 |
1 |
|
|9 7431
|a Segura, Juan Carlos
|e Ilustrador
|
| 942 |
|
|
|2 ddc
|c LI
|